The effects of government purchases shocks: Review and estimates for the EU (Record no. 91629)

000 -LEADER
fixed length control field 00474pab a2200181 454500
008 - FIXED-LENGTH DATA ELEMENTS--GENERAL INFORMATION
fixed length control field 180718b2011 xxu||||| |||| 00| 0 eng d
100 ## - MAIN ENTRY--PERSONAL NAME
Personal name Beetsma, Roel
245 ## - TITLE STATEMENT
Title The effects of government purchases shocks: Review and estimates for the EU
260 ## - PUBLICATION, DISTRIBUTION, ETC.
Date of publication, distribution, etc. 2011
300 ## - PHYSICAL DESCRIPTION
Extent p.F4-F32.
362 ## - DATES OF PUBLICATION AND/OR SEQUENTIAL DESIGNATION
Dates of publication and/or sequential designation Feb
650 ## - SUBJECT ADDED ENTRY--TOPICAL TERM
Topical term or geographic name entry element European union
650 ## - SUBJECT ADDED ENTRY--TOPICAL TERM
Topical term or geographic name entry element Government purchasing
700 ## - ADDED ENTRY--PERSONAL NAME
Personal name Giuliodori, Massimo
773 ## - HOST ITEM ENTRY
Main entry heading Economic Journal
908 ## - PUT COMMAND PARAMETER (RLIN)
Put command parameter N
909 ## -
-- 91629
Holdings
Withdrawn status Lost status Damaged status Not for loan Permanent Location Current Location Date acquired Serial Enumeration / chronology Barcode Date last seen Price effective from Koha item type
        Indian Institute of Public Administration Indian Institute of Public Administration 2018-07-19 Volume no: 121, Issue no: 550 AR92089 2018-07-19 2018-07-19 Articles

Powered by Koha